ბათუმის შოთა რუსთაველის სახელმწიფო უნივერსიტეტის ბიბლიოთეკა

ფინანსური მენეჯმენტი (ბიბ.ჩანაწერი № 51550)

000 -LEADER
fixed length control field 00613nam a2200205Ia 4500
001 - CONTROL NUMBER
control field 18541
003 - CONTROL NUMBER IDENTIFIER
control field GE_BSU
008 - FIXED-LENGTH DATA ELEMENTS--GENERAL INFORMATION
fixed length control field 181216s||||||||xx |||||||||||||| ||und||
020 ## - INTERNATIONAL STANDARD BOOK NUMBER
International Standard Book Number 9789941002304
040 ## - CATALOGING SOURCE
Transcribing agency GE_BSU
080 ## - UNIVERSAL DECIMAL CLASSIFICATION NUMBER
Universal Decimal Classification number 002.915(075.8)+336.131(075.8)
100 ## - MAIN ENTRY--PERSONAL NAME
Personal name თეთრუაშვილი,მაია
245 ## - TITLE STATEMENT
Title ფინანსური მენეჯმენტი
260 ## - PUBLICATION, DISTRIBUTION, ETC.
Place of publication, distribution, etc. გორი
260 ## - PUBLICATION, DISTRIBUTION, ETC.
Date of publication, distribution, etc. 2007
300 ## - PHYSICAL DESCRIPTION
Extent 142გვ.ცხრ.21სმ.
653 ## - INDEX TERM--UNCONTROLLED
Uncontrolled term ფინანსური მენეჯმენტი
653 ## - INDEX TERM--UNCONTROLLED
Uncontrolled term ქსეროქსი
942 ## - ADDED ENTRY ELEMENTS (KOHA)
Koha item type წიგნი
ეგზემპლარები
Withdrawn status Lost status Damaged status Not for loan Date acquired Barcode Date last seen Price effective from Koha item type Public note
        2018-12-17 19 ქსეროქსი 2018-12-17 2018-12-17 წიგნი ქსეროქსი